[Event "ODJM B 2016"]
[Site "Willingen GER"]
[Date "2016.05.19"]
[Round "7"]
[White "Rempe, Mieke"]
[Black "Kolb, Verena"]
[Result "0-1"]
[Termination "normal"]
[Board "8"]
[WhiteElo "1345"]
[BlackElo "1650"]
[PlyCount "76"]
[WhiteFideId "16202384"]
[BlackFideId "12992313"]
[EventCountry "GER"]
[EventRounds "9"]
[EventType "swiss"]
[EventDate "2016.05.14"]

1. e4 e6 2. d4 d5 3. exd5 exd5 4. Bd3 Nc6 5. c3 Bd6 6. Ne2 Nge7 7. O-O Bf5 8.
Re1 Bxd3 9. Qxd3 Qd7 10. b4 O-O 11. Bf4 Rae8 12. Qg3 Bxf4 13. Qxf4 Ng6 14. Qf3
Re7 15. Nd2 Rfe8 16. Kf1 Qd6 17. g3 Nd8 18. Nf4 Rxe1+ 19. Rxe1 Qa6+ 20. Ne2
Qxa2 21. Nf4 Rxe1+ 22. Kxe1 Nxf4 23. Qxf4 Qa1+ 24. Ke2 Qxc3 25. Qe5 Ne6 26.
Qxd5 Qxb4 27. Qd7 Qf8 28. d5 Nc5 29. Qxc7 h6 30. d6 b6 31. d7 Qe7+ 32. Kd1 Qxd7
33. Qxd7 Nxd7 34. Kc2 f6 35. Kb3 Kf7 36. Kc4 Ke6 37. g4 Ne5+ 38. Kd4 Nxg4 0-1

[Event "ODJM B 2016"]
[Site "Willingen GER"]
[Date "2016.05.19"]
[Round "7"]
[White "Stork, Christopher"]
[Black "Von Jan, Lena"]
[Result "0-1"]
[Termination "normal"]
[Board "10"]
[WhiteElo "1654"]
[BlackElo "1420"]
[PlyCount "78"]
[WhiteFideId "16215400"]
[BlackFideId "12946060"]
[EventCountry "GER"]
[EventRounds "9"]
[EventType "swiss"]
[EventDate "2016.05.14"]

1. e4 e5 2. Nf3 Nc6 3. d4 exd4 4. Nxd4 Bb4+ 5. c3 Bc5 6. Be3 Bb6 7. Bc4 d6 8.
O-O Nf6 9. f3 O-O 10. Na3 Qe7 11. Nac2 Bd7 12. Nxc6 bxc6 13. Bxb6 axb6 14. Qd2
d5 15. exd5 cxd5 16. Bxd5 Qc5+ 17. Rf2 Nxd5 18. Rd1 Nf6 19. b4 Qc4 20. Ne3 Qc6
21. Nd5 Nxd5 22. Qxd5 Qxd5 23. Rxd5 Be6 24. Rd1 Ra3 25. Rc2 Rfa8 26. Rdd2 Rxa2
27. Rxa2 Bxa2 28. Rd7 c6 29. Rc7 Bd5 30. Re7 g6 31. Kf2 Ra3 32. Re3 Bc4 33. Kg3
Ra2 34. Kf4 Rxg2 35. Re4 Bd5 36. Rd4 Rxh2 37. c4 Rh4+ 38. Ke3 Rxd4 39. Kxd4
Bxf3 0-1

[Event "ODJM B 2016"]
[Site "Willingen GER"]
[Date "2016.05.19"]
[Round "7"]
[White "Giede, Anna-Blume"]
[Black "Rokohl, Florian"]
[Result "1/2-1/2"]
[Termination "normal"]
[Board "11"]
[WhiteElo "1506"]
[BlackElo "1397"]
[PlyCount "57"]
[WhiteFideId "12921980"]
[BlackFideId "16229738"]
[EventCountry "GER"]
[EventRounds "9"]
[EventType "swiss"]
[EventDate "2016.05.14"]

1. e4 c5 2. c3 e6 3. d4 cxd4 4. cxd4 Nc6 5. Nf3 Bb4+ 6. Bd2 Nge7 7. a3 Bxd2+ 8.
Qxd2 d5 9. e5 Nf5 10. Bb5 O-O 11. Bxc6 bxc6 12. O-O Qe7 13. Qa5 Bd7 14. Rc1
Rfc8 15. Nbd2 Be8 16. Rc3 f6 17. exf6 gxf6 18. Re1 Kf7 19. Qc5 Qxc5 20. Rxc5
Rc7 21. b4 Bd7 22. Nb3 Rb8 23. Rec1 Nd6 24. Na5 Rbc8 25. h3 Ne4 26. R5c2 a6 27.
Nb3 Ra7 28. Na5 Rac7 29. Nb3 1/2-1/2

[Event "ODJM B 2016"]
[Site "Willingen GER"]
[Date "2016.05.19"]
[Round "7"]
[White "Winterberg, Johanna"]
[Black "Schilay, Maria"]
[Result "1-0"]
[Termination "normal"]
[Board "12"]
[WhiteElo "1755"]
[BlackElo "1210"]
[PlyCount "105"]
[WhiteFideId "12929344"]
[BlackFideId "12942979"]
[EventCountry "GER"]
[EventRounds "9"]
[EventType "swiss"]
[EventDate "2016.05.14"]

1. e4 e5 2. Nf3 Nc6 3. Bc4 Nf6 4. d3 Bc5 5. O-O O-O 6. c3 d5 7. exd5 Nxd5 8.
Re1 Re8 9. Be3 Bb6 10. b4 Bf5 11. Qb3 Be6 12. Bxb6 Nxb6 13. Nbd2 Bxc4 14. Nxc4
Qxd3 15. Ncxe5 Nxe5 16. Rxe5 Rxe5 17. Qxf7+ Kxf7 18. Nxe5+ Kg8 19. Nxd3 Rd8 20.
Nc5 Nd5 21. Rd1 b6 22. Ne4 Re8 23. f3 c6 24. b5 Ne7 25. Rd7 cxb5 26. Nd6 Rf8
27. Rxe7 a6 28. Rb7 Rf6 29. Rb8+ Rf8 30. Rxf8+ Kxf8 31. Nc8 Kf7 32. Nxb6 Ke6
33. Kf2 Kd6 34. Ke3 Kc6 35. Nc8 Kd7 36. Na7 Kc7 37. Kd4 Kb7 38. Nxb5 axb5 39.
Kc5 Ka6 40. f4 Ka5 41. f5 Ka4 42. g4 Ka3 43. Kxb5 Kxa2 44. c4 Kb2 45. c5 Kc3
46. c6 Kd4 47. c7 Ke4 48. c8=Q Kf4 49. f6 gxf6 50. Qf5+ Ke3 51. Kc4 h6 52. Qxf6
Ke4 53. Qf5+ 1-0

[Event "ODJM B 2016"]
[Site "Willingen GER"]
[Date "2016.05.19"]
[Round "7"]
[White "Schulze, Lukas"]
[Black "Niemann, Leon"]
[Result "0-1"]
[Termination "normal"]
[Board "13"]
[WhiteElo "1299"]
[BlackElo "1421"]
[PlyCount "97"]
[WhiteFideId "12956856"]
[BlackFideId "16218388"]
[EventCountry "GER"]
[EventRounds "9"]
[EventType "swiss"]
[EventDate "2016.05.14"]

1. Nf3 d5 2. d4 e6 3. c4 c5 4. cxd5 exd5 5. Nc3 Nc6 6. dxc5 d4 7. Ne4 Bxc5 8.
Nxc5 Qa5+ 9. Nd2 Qxc5 10. Nb3 Qb6 11. g3 Bf5 12. Bg2 Nb4 13. O-O Nc2 14. Rb1
Ne3 15. Bxe3 dxe3 16. Rc1 exf2+ 17. Rxf2 Nf6 18. Nc5 Bc8 19. Qa4+ Bd7 20. Nxd7
Nxd7 21. Rd1 Rd8 22. Qe4+ Qe6 23. Qxe6+ fxe6 24. Bxb7 Ke7 25. Bc6 Ne5 26. Rxd8
Rxd8 27. Bb5 Rd2 28. e4 Rd4 29. Re2 Nf3+ 30. Kg2 Ng5 31. Rc2 Rxe4 32. Rc7+ Kf6
33. Rxa7 Rb4 34. Bd7 Rxb2+ 35. Kg1 Nf3+ 36. Kf1 Nxh2+ 37. Ke1 Nf3+ 38. Kf1 h5
39. Ra6 Nd4 40. Be8 g6 41. Rd6 Nf5 42. Rd3 Rxa2 43. Rf3 e5 44. Bc6 Kg5 45. Be4
Nd6 46. Bd5 Rd2 47. Bb3 e4 48. Re3 Nf5 49. Rxe4 0-1

[Event "ODJM B 2016"]
[Site "Willingen GER"]
[Date "2016.05.19"]
[Round "7"]
[White "Knerr, Sebastian"]
[Black "Ponomarev, Maximilian"]
[Result "1/2-1/2"]
[Termination "normal"]
[Board "14"]
[WhiteElo "1418"]
[BlackElo "1554"]
[PlyCount "89"]
[WhiteFideId "16266013"]
[BlackFideId "16216768"]
[EventCountry "GER"]
[EventRounds "9"]
[EventType "swiss"]
[EventDate "2016.05.14"]

1. e4 c5 2. c3 d5 3. exd5 Qxd5 4. d4 e6 5. Nf3 Nf6 6. Na3 a6 7. Nc2 Nc6 8. Be3
cxd4 9. Ncxd4 Nxd4 10. Bxd4 Be7 11. Bd3 Bd7 12. Qc2 h6 13. O-O O-O 14. Rfd1 Qc6
15. Ne5 Qc8 16. Nxd7 Nxd7 17. Rd2 Rd8 18. Re1 Qc7 19. Re3 e5 20. Re4 exd4 21.
Rxe7 Re8 22. Rxe8+ Rxe8 23. cxd4 Qb6 24. Kf1 g6 25. Qc4 Qd6 26. g3 Nb6 27. Qb3
Qc6 28. Kg1 Re1+ 29. Bf1 Qc1 30. Qd3 Nd5 31. Kg2 Nb4 32. Qc3 Nxa2 33. Qxc1 Rxc1
34. Be2 Rc7 35. Bd3 Nb4 36. Kf3 Nxd3 37. Rxd3 f6 38. Ke3 Kf7 39. Kd2 Rc6 40.
Rc3 Rxc3 41. bxc3 Ke6 42. Kc2 b5 43. Kb3 a5 44. Ka3 Kd5 45. Kb3 1/2-1/2

[Event "ODJM B 2016"]
[Site "Willingen GER"]
[Date "2016.05.19"]
[Round "7"]
[White "Grey, Andrea"]
[Black "Jahrke, Jonas"]
[Result "1/2-1/2"]
[Termination "normal"]
[Board "15"]
[WhiteElo "1428"]
[BlackElo "1526"]
[PlyCount "60"]
[WhiteFideId "12971880"]
[BlackFideId "12984353"]
[EventCountry "GER"]
[EventRounds "9"]
[EventType "swiss"]
[EventDate "2016.05.14"]

1. Nf3 Nf6 2. b3 g6 3. Bb2 Bg7 4. d4 O-O 5. c4 d6 6. e3 e5 7. dxe5 dxe5 8. Qxd8
Rxd8 9. Bxe5 Nc6 10. Bb2 Nb4 11. Na3 Ne4 12. Bxg7 Kxg7 13. Be2 Nc3 14. Bd1 Nd3+
15. Kf1 Nb4 16. Ke1 Nbxa2 17. Nb5 Nxb5 18. Rxa2 Nc3 19. Rd2 Bg4 20. h3 Nxd1 21.
Kxd1 Bxf3+ 22. gxf3 Rxd2+ 23. Kxd2 Rd8+ 24. Kc2 Kf6 25. Rg1 a5 26. h4 b6 27.
Rg5 Re8 28. Rd5 Re5 29. Rd7 Rh5 30. Rxc7 Rxh4 1/2-1/2

[Event "ODJM B 2016"]
[Site "Willingen GER"]
[Date "2016.05.19"]
[Round "7"]
[White "Leib, Amina"]
[Black "Klugstedt, Vincent"]
[Result "1-0"]
[Termination "normal"]
[Board "16"]
[WhiteElo "1510"]
[BlackElo "1281"]
[PlyCount "71"]
[WhiteFideId "12982970"]
[BlackFideId "16216393"]
[EventCountry "GER"]
[EventRounds "9"]
[EventType "swiss"]
[EventDate "2016.05.14"]

1. d4 d5 2. Nf3 Nf6 3. Bf4 c5 4. e3 Nc6 5. c3 e6 6. h3 b6 7. Nbd2 Bb7 8. Bd3 c4
9. Bc2 Be7 10. O-O O-O 11. Re1 Re8 12. e4 h6 13. e5 Nh7 14. b3 b5 15. Qc1 Qd7
16. Rb1 a6 17. Qb2 Reb8 18. bxc4 bxc4 19. Re3 Bc8 20. Qc1 Rxb1 21. Qxb1 Ba3 22.
Bxh7+ Kh8 23. Bc2 Rb8 24. Qd1 Rb2 25. Bb1 Qb7 26. Re1 Qb5 27. Nh2 Qa5 28. Qh5
Qc7 29. Ng4 Bf8 30. Bg5 g6 31. Bf6+ Kh7 32. Nf3 Rxb1 33. Ng5+ Kg8 34. Nxh6+
Bxh6 35. Qxh6 Rxe1+ 36. Kh2 1-0

[Event "ODJM B 2016"]
[Site "Willingen GER"]
[Date "2016.05.19"]
[Round "7"]
[White "Zell, Mirjam"]
[Black "Rockmann, Enno"]
[Result "1/2-1/2"]
[Termination "normal"]
[Board "17"]
[WhiteElo "1677"]
[BlackElo "1414"]
[PlyCount "182"]
[WhiteFideId "16208544"]
[BlackFideId "12982920"]
[EventCountry "GER"]
[EventRounds "9"]
[EventType "swiss"]
[EventDate "2016.05.14"]

1. e4 e5 2. Nf3 Nc6 3. Bb5 a6 4. Ba4 Nge7 5. c3 g6 6. d3 b5 7. Bb3 Bg7 8. O-O
O-O 9. Re1 d6 10. h3 h6 11. Nbd2 Bb7 12. Nf1 Kh7 13. Bd2 f5 14. exf5 Nxf5 15.
Ne3 Qf6 16. Ng4 Qe7 17. Bd5 Na5 18. Bxb7 Nxb7 19. d4 Nh4 20. Nxh4 Qxh4 21. Be3
e4 22. Nh2 d5 23. Qg4 Qxg4 24. hxg4 Nd6 25. g3 g5 26. Kg2 Nc4 27. Rab1 Rf7 28.
b3 Na3 29. Rbc1 Raf8 30. Nf1 a5 31. Nd2 b4 32. cxb4 axb4 33. Rc5 Rd7 34. Nb1
Nxb1 35. Rxb1 Ra8 36. Rb2 Bf8 37. Rb5 c6 38. Rb6 c5 39. dxc5 d4 40. c6 Rdd8 41.
c7 Rdc8 42. Bxd4 Rxc7 43. Re6 Rc1 44. Rxe4 Ra1 45. Ree2 Rd8 46. Rbd2 Rc1 47.
Bb2 Rxd2 48. Rxd2 Rc7 49. Be5 Rf7 50. Bd6 Bxd6 51. Rxd6 Rb7 52. Rd4 Kg6 53. Kf3
Kf6 54. Rd6+ Kg7 55. Ke3 Rb5 56. Kd4 Ra5 57. Rb6 Rxa2 58. Ke3 Ra5 59. Rxb4 Rc5
60. Rc4 Rb5 61. b4 Rb6 62. Kd3 Kf6 63. Kc3 Ke5 64. f4+ Kf6 65. Rc5 Re6 66. Kd4
Rd6+ 67. Kc4 Re6 68. b5 gxf4 69. Rf5+ Ke7 70. gxf4 Kd7 71. Kc5 Kc7 72. Rf7+ Kb8
73. b6 Rg6 74. Rf5 Rxg4 75. Kc6 Rg6+ 76. Kc5 Kb7 77. Rf7+ Kb8 78. Rd7 h5 79. f5
Rf6 80. Rd5 Kb7 81. Re5 Rxb6 82. Kd4 Rh6 83. Ke4 h4 84. Rb5+ Kc6 85. Rb2 h3 86.
Rh2 Kd6 87. Kf4 Ke7 88. Kg5 Rh8 89. Kg4 Kf6 90. Rxh3 Rxh3 91. Kxh3 Kxf5 1/2-1/2

[Event "ODJM B 2016"]
[Site "Willingen GER"]
[Date "2016.05.19"]
[Round "7"]
[White "Leßmann, Sönke"]
[Black "Götz, Timon"]
[Result "1-0"]
[Termination "normal"]
[Board "18"]
[WhiteElo "1408"]
[BlackElo "1268"]
[PlyCount "79"]
[WhiteFideId "16222520"]
[BlackFideId "16245040"]
[EventCountry "GER"]
[EventRounds "9"]
[EventType "swiss"]
[EventDate "2016.05.14"]

1. e4 c5 2. Nc3 e6 3. g3 b6 4. Bg2 Bb7 5. Nh3 d6 6. O-O Nd7 7. f4 Be7 8. d3
Ngf6 9. Qe2 Qc7 10. e5 dxe5 11. fxe5 Nd5 12. Nb5 Qb8 13. Qe4 f5 14. exf6 N7xf6
15. Qxe6 Nc7 16. Nxc7+ Qxc7 17. Bf4 Qd7 18. Qxd7+ Kxd7 19. Bxb7 Rad8 20. Rae1
h6 21. Be5 Rhf8 22. Nf4 Bd6 23. Bxd6 Kxd6 24. Ne6 Rfe8 25. Nxd8 Rxe1 26. Rxe1
Kc7 27. Re7+ Kxd8 28. Rxg7 Ne8 29. Rh7 Nd6 30. Be4 Nb5 31. Rxh6 Nd4 32. c3 Ne2+
33. Kf2 Nc1 34. g4 Nxa2 35. g5 Nc1 36. g6 Nb3 37. g7 Nd2 38. g8=Q+ Kc7 39. Qf7+
Kc8 40. Rh8# 1-0

[Event "ODJM B 2016"]
[Site "Willingen GER"]
[Date "2016.05.19"]
[Round "7"]
[White "Arndt, Lena"]
[Black "Frank, Marek"]
[Result "0-1"]
[Termination "normal"]
[Board "20"]
[WhiteElo "1124"]
[BlackElo "1386"]
[PlyCount "114"]
[WhiteFideId "16262476"]
[BlackFideId "16239520"]
[EventCountry "GER"]
[EventRounds "9"]
[EventType "swiss"]
[EventDate "2016.05.14"]

1. e4 c5 2. Nf3 Nc6 3. d4 cxd4 4. Nxd4 g6 5. c4 Bg7 6. Be3 Nf6 7. Nc3 O-O 8.
Be2 d6 9. O-O Bd7 10. Rc1 Rc8 11. b3 Nxd4 12. Bxd4 Bc6 13. Bd3 b6 14. Be3 Qd7
15. f4 Rfd8 16. f5 Rf8 17. Qd2 Ng4 18. Bf4 Qb7 19. fxg6 fxg6 20. h3 Ne5 21. Bb1
Nf7 22. Rfe1 Rcd8 23. Nd5 a5 24. Bg5 Nxg5 25. Qxg5 Bxd5 26. exd5 Bf6 27. Qg4
Qd7 28. Qe6+ Qxe6 29. Rxe6 Rb8 30. a4 Rfc8 31. Bd3 Rf8 32. Rce1 Rf7 33. g4 Kg7
34. R1e2 Rbf8 35. Kg2 Bh4 36. R6e3 Rf2+ 37. Rxf2 Rxf2+ 38. Kh1 Bg5 39. Rg3 Bf4
40. Rg2 Rf3 41. Bc2 Rxh3+ 42. Kg1 Rf3 43. Re2 Be5 44. Rg2 Kf6 45. Bd1 Rf4 46.
Kh1 Rd4 47. Be2 Rd2 48. Rf2+ Kg7 49. Kg2 Bd4 50. Rf3 Rxe2+ 51. Kh3 Re3 52. Rxe3
Bxe3 53. Kg3 h5 54. gxh5 gxh5 55. Kh4 Kg6 56. Kh3 Kg5 57. Kg3 h4+ 0-1

[Event "ODJM B 2016"]
[Site "Willingen GER"]
[Date "2016.05.19"]
[Round "7"]
[White "Zeng, Xiaoyang-Alex"]
[Black "Arnold, Alexandria"]
[Result "1-0"]
[Termination "normal"]
[Board "21"]
[WhiteElo "1357"]
[BlackElo "1047"]
[PlyCount "77"]
[BlackFideId "16205383"]
[EventCountry "GER"]
[EventRounds "9"]
[EventType "swiss"]
[EventDate "2016.05.14"]

1. d4 Nf6 2. c4 e5 3. e3 exd4 4. exd4 d5 5. Nc3 Nc6 6. Nf3 Bg4 7. Be2 Bxf3 8.
Bxf3 dxc4 9. Qa4 Qd7 10. Be3 Be7 11. O-O O-O 12. Qxc4 Na5 13. Qd3 Rab8 14. Rac1
a6 15. a3 Rfd8 16. d5 b5 17. Bf4 Nb3 18. Rc2 Rbc8 19. Ne4 Nxd5 20. Bxc7 Rxc7
21. Rxc7 Qxc7 22. Qxb3 Nf6 23. Re1 Nxe4 24. Bxe4 Qa5 25. Kf1 Rd2 26. Bxh7+ Kf8
27. Bg8 Kxg8 28. Rxe7 Kh7 29. Qh3+ Kg6 30. Qg4+ Kf6 31. Re1 g5 32. Qf3+ Kg6 33.
Qe4+ Kh6 34. h4 Qb6 35. hxg5+ Kxg5 36. Qe5+ Kg6 37. Qg3+ Kh7 38. Qh3+ Kg7 39.
Qc3+ 1-0

[Event "ODJM B 2016"]
[Site "Willingen GER"]
[Date "2016.05.19"]
[Round "7"]
[White "Klühs, Isabel"]
[Black "von Pückler, Konstantin"]
[Result "1/2-1/2"]
[Termination "normal"]
[Board "22"]
[WhiteElo "919"]
[BlackElo "1327"]
[PlyCount "74"]
[WhiteFideId "16228944"]
[BlackFideId "16205847"]
[EventCountry "GER"]
[EventRounds "9"]
[EventType "swiss"]
[EventDate "2016.05.14"]

1. d4 Nf6 2. Nd2 g6 3. e4 d6 4. f4 Bg7 5. Ngf3 O-O 6. Bc4 c5 7. c3 a6 8. O-O b5
9. Bd3 Nh5 10. f5 e5 11. d5 c4 12. Bc2 Qb6+ 13. Kh1 a5 14. Qe1 Ba6 15. a3 Nd7
16. Qf2 Qb7 17. Re1 b4 18. Nf1 Nc5 19. Ng3 Nf6 20. Rd1 bxc3 21. bxc3 Nb3 22.
Rb1 a4 23. h3 h6 24. fxg6 fxg6 25. Be3 Qe7 26. Bxb3 cxb3 27. Qd2 Kh7 28. Nh4 g5
29. Nhf5 Qc7 30. h4 gxh4 31. Nxh4 Ng4 32. Nhf5 Nxe3 33. Qxe3 Qc5 34. Qxc5 dxc5
35. Nxg7 Kxg7 36. Nf5+ Kg6 37. d6 Rad8 1/2-1/2

[Event "ODJM B 2016"]
[Site "Willingen GER"]
[Date "2016.05.19"]
[Round "7"]
[White "Seliokaite, Ana"]
[Black "Frank, Carolin"]
[Result "1/2-1/2"]
[Termination "normal"]
[Board "23"]
[WhiteElo "1138"]
[BlackElo "1407"]
[PlyCount "42"]
[WhiteFideId "16224817"]
[BlackFideId "16207190"]
[EventCountry "GER"]
[EventRounds "9"]
[EventType "swiss"]
[EventDate "2016.05.14"]

1. e4 d5 2. exd5 Qxd5 3. Nc3 Qa5 4. d4 Nf6 5. Bc4 Bg4 6. f3 Bf5 7. Bd2 Qb6 8.
g4 Qxd4 9. Bxf7+ Kxf7 10. gxf5 Qe5+ 11. Qe2 Qxf5 12. O-O-O Nc6 13. Qc4+ e6 14.
Ne4 Qd5 15. Ng5+ Kg8 16. Qxd5 exd5 17. Bc3 h6 18. Ne6 Rc8 19. Bxf6 gxf6 20.
Rxd5 Nb4 21. Ra5 a6 1/2-1/2

[Event "ODJM B 2016"]
[Site "Willingen GER"]
[Date "2016.05.19"]
[Round "7"]
[White "Borgmann, Simon"]
[Black "Lorenz, Keana"]
[Result "1-0"]
[Termination "normal"]
[Board "24"]
[WhiteElo "1318"]
[BlackElo "1037"]
[PlyCount "75"]
[WhiteFideId "16234677"]
[BlackFideId "12990248"]
[EventCountry "GER"]
[EventRounds "9"]
[EventType "swiss"]
[EventDate "2016.05.14"]

1. e4 c5 2. Nf3 Nc6 3. d4 cxd4 4. Nxd4 g6 5. Nc3 Bg7 6. Be3 Nf6 7. Be2 O-O 8.
Qd2 Qa5 9. Nb3 Qd8 10. O-O e6 11. Rab1 d5 12. exd5 exd5 13. Nd4 a6 14. Rfd1 b5
15. Nxc6 Qc7 16. Nxd5 Nxd5 17. Qxd5 Be6 18. Qf3 Bxa2 19. Ra1 Be6 20. Bd4 Rfc8
21. Bxg7 Kxg7 22. Nd4 Rf8 23. Bxb5 axb5 24. Rxa8 Rxa8 25. Qxa8 Qc4 26. Nxe6+
fxe6 27. Qa7+ Kh6 28. Qe3+ Kg7 29. Qd4+ Qxd4 30. Rxd4 Kf6 31. Rb4 Ke5 32. Rxb5+
Kd4 33. Rb7 h5 34. Rc7 e5 35. b4 e4 36. b5 e3 37. fxe3+ Kxe3 38. b6 1-0

[Event "ODJM B 2016"]
[Site "Willingen GER"]
[Date "2016.05.19"]
[Round "7"]
[White "Schranz, Patrick"]
[Black "Hierl, Johannes"]
[Result "1-0"]
[Termination "normal"]
[Board "25"]
[WhiteElo "1493"]
[BlackElo "1142"]
[PlyCount "33"]
[WhiteFideId "12987298"]
[BlackFideId "16235096"]
[EventCountry "GER"]
[EventRounds "9"]
[EventType "swiss"]
[EventDate "2016.05.14"]

1. d4 a6 2. e4 e6 3. Nf3 d5 4. Bd3 Bb4+ 5. c3 Ba5 6. O-O Ne7 7. e5 O-O 8. Ng5
Nf5 9. Qh5 h6 10. Nf3 g6 11. Qh3 h5 12. Bg5 Qd7 13. Bf6 c5 14. g4 Ng7 15. Ng5
cxd4 16. gxh5 Nxh5 17. Qxh5 1-0

[Event "ODJM B 2016"]
[Site "Willingen GER"]
[Date "2016.05.19"]
[Round "7"]
[White "Wagner, Victoria"]
[Black "Müller, Lenny William"]
[Result "1-0"]
[Termination "normal"]
[Board "26"]
[WhiteElo "1395"]
[BlackElo "1100"]
[PlyCount "63"]
[WhiteFideId "16232348"]
[BlackFideId "16272811"]
[EventCountry "GER"]
[EventRounds "9"]
[EventType "swiss"]
[EventDate "2016.05.14"]

1. e4 e5 2. Nf3 Nc6 3. Bc4 Nf6 4. d3 d5 5. exd5 Nxd5 6. Nc3 Bb4 7. Bd2 Bg4 8.
Nxd5 Bxf3 9. gxf3 Bxd2+ 10. Qxd2 Nd4 11. O-O-O Nxf3 12. Qe3 Nd4 13. Qxe5+ Ne6
14. Nf4 Qe7 15. Rhe1 O-O-O 16. d4 Rhe8 17. d5 Qg5 18. dxe6 Rxd1+ 19. Kxd1 Qxe5
20. Rxe5 Rd8+ 21. Ke2 fxe6 22. Bxe6+ Kb8 23. Bf7 a6 24. Re8 Rxe8+ 25. Bxe8 h6
26. Nh5 g5 27. f4 gxf4 28. Nxf4 Ka7 29. Kf3 b5 30. a4 b4 31. Nd5 c5 32. a5 1-0

[Event "ODJM B 2016"]
[Site "Willingen GER"]
[Date "2016.05.19"]
[Round "7"]
[White "Jacoby, Angelina"]
[Black "Chalabi, Tom"]
[Result "0-1"]
[Termination "normal"]
[Board "27"]
[WhiteElo "1240"]
[BlackElo "1365"]
[PlyCount "120"]
[WhiteFideId "12999008"]
[BlackFideId "4003012"]
[EventCountry "GER"]
[EventRounds "9"]
[EventType "swiss"]
[EventDate "2016.05.14"]

1. d4 d5 2. Nc3 Bf5 3. f3 Nf6 4. Bg5 c6 5. Bxf6 exf6 6. e4 Bg6 7. e5 fxe5 8.
dxe5 Bc5 9. Qd2 Qh4+ 10. g3 Qd4 11. O-O-O Qxd2+ 12. Rxd2 Be3 13. Bh3 Bxd2+ 14.
Kxd2 O-O 15. f4 h6 16. Nf3 Na6 17. Re1 Rfe8 18. f5 Bh7 19. e6 fxe6 20. fxe6 Re7
21. Nd4 Rf8 22. Nd1 Nc5 23. Ne3 Ne4+ 24. Kc1 Nd6 25. b3 c5 26. Nxd5 Ree8 27. e7
Rf7 28. Ne6 Rfxe7 29. Nxe7+ Rxe7 30. Kd1 b6 31. Nd8 Bxc2+ 32. Kd2 Rxe1 33. Kxe1
Bb1 34. a3 Kf8 35. Nc6 a5 36. Nb8 Ba2 37. Nd7+ Ke7 38. Nxb6 Bxb3 39. Ke2 Nc4
40. Nxc4 Bxc4+ 41. Kd2 Be6 42. Bf1 Kd6 43. Kc3 Ke5 44. Bc4 Bxc4 45. Kxc4 Kd6
46. h3 g6 47. a4 Kc6 48. h4 h5 49. Kc3 Kd5 50. Kd3 c4+ 51. Kc3 Kc5 52. Kc2 Kb4
53. Kb2 Kxa4 54. Kc3 Kb5 55. Kc2 Kb4 56. Kb2 c3+ 57. Kc2 Kc4 58. Kc1 Kd3 59.
Kd1 c2+ 60. Kc1 Kc3 0-1

[Event "ODJM B 2016"]
[Site "Willingen GER"]
[Date "2016.05.19"]
[Round "7"]
[White "Unbehend, Marius"]
[Black "Lohrmann, Linus"]
[Result "1/2-1/2"]
[Termination "normal"]
[Board "28"]
[WhiteElo "1311"]
[BlackElo "1036"]
[PlyCount "123"]
[WhiteFideId "16214420"]
[BlackFideId "12982857"]
[EventCountry "GER"]
[EventRounds "9"]
[EventType "swiss"]
[EventDate "2016.05.14"]

1. e4 e5 2. d4 exd4 3. Qxd4 Nc6 4. Qe3 Nf6 5. Bd2 Bb4 6. Nc3 O-O 7. O-O-O Re8
8. f3 d5 9. Be1 d4 10. Qf2 Bd7 11. Nb5 Bxe1 12. Qxe1 Be6 13. Qf2 Qd7 14. h4 Nb4
15. Rxd4 Nxa2+ 16. Kb1 Qc6 17. Na3 Qb6 18. b3 Nc3+ 19. Kc1 Na2+ 20. Kb2 Nb4 21.
Qd2 Nc6 22. Nc4 Qxd4+ 23. Qxd4 Nxd4 24. Ne2 Nxe2 25. Bxe2 Bxc4 26. Bxc4 Nd7 27.
Be2 a6 28. Rd1 Ne5 29. g4 Ng6 30. h5 Nf4 31. Bc4 b5 32. Bf1 h6 33. Rd7 Ra7 34.
c4 bxc4 35. Bxc4 Ne6 36. f4 Rb7 37. f5 Nd8 38. Bxa6 Ra7 39. Bc4 Rb7 40. e5 c6
41. Bxf7+ Nxf7 42. Rxb7 Nxe5 43. Rc7 Nxg4 44. Rxc6 Ne5 45. Re6 Rxe6 46. fxe6
Kf8 47. b4 Nc6 48. Kc3 Ke7 49. b5 Nb8 50. Kc4 Kxe6 51. Kd4 Kd6 52. b6 Nc6+ 53.
Ke4 Ke6 54. Kf4 Kf6 55. b7 g5+ 56. hxg6 Kxg6 57. Kg3 Kg5 58. Kh2 Kg4 59. Kh1
Kg3 60. Kg1 h5 61. Kh1 h4 62. Kg1 1/2-1/2

[Event "ODJM B 2016"]
[Site "Willingen GER"]
[Date "2016.05.19"]
[Round "7"]
[White "Hamm, Oliver"]
[Black "Kreitmeier, Anika"]
[Result "1/2-1/2"]
[Termination "normal"]
[Board "29"]
[WhiteElo "1400"]
[BlackElo "1310"]
[PlyCount "53"]
[WhiteFideId "12999016"]
[BlackFideId "12991775"]
[EventCountry "GER"]
[EventRounds "9"]
[EventType "swiss"]
[EventDate "2016.05.14"]

1. d4 d5 2. Nf3 e6 3. e3 Nf6 4. Bd3 c5 5. c3 c4 6. Bc2 Bd6 7. Nbd2 Qc7 8. O-O
O-O 9. e4 Be7 10. e5 Nfd7 11. Ne1 f6 12. f4 b5 13. Qh5 f5 14. Rf3 g6 15. Qh6
Qd8 16. Qh3 Nc6 17. Re3 Rf7 18. Bd1 Rg7 19. Qg3 Qe8 20. Nef3 Nd8 21. Ng5 Nf8
22. Nh3 Nf7 23. a3 Bd8 24. Qf2 Qe7 25. Nf3 Qc7 26. Bd2 a6 27. Qg3 1/2-1/2

[Event "ODJM B 2016"]
[Site "Willingen GER"]
[Date "2016.05.19"]
[Round "7"]
[White "Kalina, Lena"]
[Black "Roth, Ludwig"]
[Result "0-1"]
[Termination "normal"]
[Board "30"]
[WhiteElo "1410"]
[BlackElo "1291"]
[PlyCount "70"]
[WhiteFideId "12988014"]
[BlackFideId "12952621"]
[EventCountry "GER"]
[EventRounds "9"]
[EventType "swiss"]
[EventDate "2016.05.14"]

1. d4 Nf6 2. Nf3 g6 3. c4 Bg7 4. Nc3 d6 5. e4 O-O 6. Bg5 Nbd7 7. Bd3 e5 8. O-O
h6 9. Bh4 exd4 10. Nxd4 a5 11. a3 Nc5 12. Qc2 g5 13. Bg3 Nfxe4 14. Nxe4 Bxd4
15. Nxc5 Bxc5 16. Qd2 Qf6 17. Rac1 Bd4 18. Rc2 Bf5 19. Rfc1 Bxd3 20. Qxd3 Bxb2
21. Rb1 Bd4 22. Rxb7 Rab8 23. Rxb8 Rxb8 24. h3 a4 25. Rd2 Be5 26. Bxe5 Qxe5 27.
Re2 Qa1+ 28. Kh2 Rb3 29. Qe4 Rb1 30. Qe8+ Kg7 31. Qxa4 Qd4 32. Qa6 Rc1 33. a4
Qf4+ 34. g3 Qf3 35. Qb7 Rh1# 0-1

[Event "ODJM B 2016"]
[Site "Willingen GER"]
[Date "2016.05.19"]
[Round "7"]
[White "Ott, Linda"]
[Black "Rautenberg, Jakob"]
[Result "1/2-1/2"]
[Termination "normal"]
[Board "31"]
[WhiteElo "1057"]
[BlackElo "1704"]
[PlyCount "41"]
[WhiteFideId "12992453"]
[BlackFideId "16214749"]
[EventCountry "GER"]
[EventRounds "9"]
[EventType "swiss"]
[EventDate "2016.05.14"]

1. e4 e5 2. Nf3 Nc6 3. Bb5 a6 4. Ba4 Nf6 5. d3 b5 6. Bb3 Be7 7. O-O d6 8. c3
O-O 9. Re1 Bg4 10. h3 Bh5 11. Nbd2 Na5 12. Bc2 c5 13. Nf1 Nc6 14. Ng3 Bg6 15.
Nh4 Re8 16. Ngf5 Bf8 17. Qf3 Bxf5 18. Nxf5 g6 19. Qg3 Nh5 20. Qg4 Qc8 21. Re3
1/2-1/2

[Event "ODJM B 2016"]
[Site "Willingen GER"]
[Date "2016.05.19"]
[Round "7"]
[White "Ziegenfuß, Larissa"]
[Black "Abicht, Aruna Sophia"]
[Result "1-0"]
[Termination "normal"]
[Board "32"]
[WhiteElo "1526"]
[BlackElo "1060"]
[PlyCount "67"]
[WhiteFideId "12974722"]
[EventCountry "GER"]
[EventRounds "9"]
[EventType "swiss"]
[EventDate "2016.05.14"]

1. e4 e5 2. Nf3 Nc6 3. d4 exd4 4. Bc4 Nf6 5. O-O Bc5 6. Bg5 d6 7. c3 dxc3 8.
Nxc3 O-O 9. Nd5 Bg4 10. Bxf6 gxf6 11. Be2 Bxf3 12. Bxf3 Ne5 13. Bg4 Ng6 14. Qf3
Bd4 15. Rab1 c6 16. Ne3 Qe7 17. Nf5 Qe5 18. Qh3 Kh8 19. Rfd1 c5 20. Bf3 Rad8
21. b4 b6 22. bxc5 dxc5 23. a4 Rb8 24. a5 bxa5 25. Qh6 Rg8 26. g3 Ne7 27. Rxb8
Nxf5 28. Rxg8+ Kxg8 29. exf5 Qxf5 30. Re1 Be5 31. Be4 Qg5 32. Qxg5+ fxg5 33.
Bxh7+ Kxh7 34. Rxe5 1-0